Statystyki dla Nazwy państwa, które zaczyanją się na "Ma"

Kliknij tutaj aby rozwiązać quiz!

Ogólne statystyki

  • Ten quiz został rozwiązany 93 razy
  • Średni wynik to 7 z 10

Statystyki odpowiedzi

L.p.Kraj% Poprawnych
1.Macedonia Północna
83%
2.Madagaskar
74%
5.Malezja
74%
9.Mauretania
73%
7.Malta
70%
6.Mali
68%
8.Maroko
65%
4.Malediwy
63%
10.Mauritius
56%
3.Malawi
51%

Rozkład punktacji

Percentyl według liczby udzielonych odpowiedzi

Procent ludzi z każdym wynikiem

Twoja historia wyników

Nie rozwiązałeś tego quizu